5HLuxD.jpg

KING HENRY VIII SENIOR AND PRIMARY SCHOOL LIBRARY OPAC

Shark tales : (Record no. 697)

000 -LEADER
fixed length control field 00879cam a2200277 a 4500
001 - CONTROL NUMBER
control field 00576773
003 - CONTROL NUMBER IDENTIFIER
control field OSt
005 - DATE AND TIME OF LATEST TRANSACTION
control field 20191204163158.0
008 - FIXED-LENGTH DATA ELEMENTS--GENERAL INFORMATION
fixed length control field 120829s2011 nyua 000 0 eng
020 ## - INTERNATIONAL STANDARD BOOK NUMBER
International Standard Book Number 9781591844181 (pbk.) :
035 ## - SYSTEM CONTROL NUMBER
System control number fgu20120613lai028
040 ## - CATALOGING SOURCE
Original cataloging agency FGUL
Transcribing agency FGUL
Modifying agency FGUL
042 ## - AUTHENTICATION CODE
Authentication code nbic
082 00 - DEWEY DECIMAL CLASSIFICATION NUMBER
Classification number 333 COR
100 1# - MAIN ENTRY--PERSONAL NAME
Personal name Corcoran, Barbara.
Relator term author
245 10 - TITLE STATEMENT
Title Shark tales :
Remainder of title how I turned
Statement of responsibility, etc. Barbara Corcoran with Bruce Littlefield.
250 ## - EDITION STATEMENT
Edition statement Rev. ed.
260 ## - PUBLICATION, DISTRIBUTION, ETC.
Place of publication, distribution, etc. New York :
Name of publisher, distributor, etc. Portfolio/Penguin,
Date of publication, distribution, etc. 2011.
300 ## - PHYSICAL DESCRIPTION
Extent xi, 308 p. :
Other physical details ill. ;
Dimensions 21 cm.
650 #0 - SUBJECT ADDED ENTRY--TOPICAL TERM
Topical term or geographic name entry element Women real estate agents
Geographic subdivision United States
General subdivision Biography.
650 #0 - SUBJECT ADDED ENTRY--TOPICAL TERM
Topical term or geographic name entry element Real estate business
Geographic subdivision United States.
650 #0 - SUBJECT ADDED ENTRY--TOPICAL TERM
Topical term or geographic name entry element Women real estate agents
Geographic subdivision United States
General subdivision Biography.
650 #0 - SUBJECT ADDED ENTRY--TOPICAL TERM
Topical term or geographic name entry element Real estate business
Geographic subdivision United States.
700 1# - ADDED ENTRY--PERSONAL NAME
Personal name Littlefield, Bruce.
942 ## - ADDED ENTRY ELEMENTS (KOHA)
Source of classification or shelving scheme
Koha item type Books - Non Ficton
Holdings
Withdrawn status Lost status Source of classification or shelving scheme Damaged status Not for loan Collection code Permanent Location Current Location Shelving location Date acquired Total Checkouts Full call number Barcode Date due Date last seen Date last checked out Price effective from Koha item type
          Non-Fiction KH8 Senior School Library KH8 Senior School Library Non Fiction 2019-12-04 1 333 COR 3KHSL000101427 2024-10-31 2024-10-23 2024-10-23 2019-12-04 Books - Non Ficton

Powered By KH8 IT Dept